[Event "Challenge"]
[Site "http://www.queenalice.com/game.php?id=1044751"]
[Date "2012.4.1"]
[Round "-"]
[White "JackieR"]
[Black "zmanomega"]
[Result "1-0"]
[WhiteElo "1733"]
[BlackElo "1592"]

1. e4 e5 2. Nc3 c6 3. Nf3 f6 4. Bc4 Ne7 5. d3 Ng6 6. Be3 Bb4 7. Bd2 Nf4 8. O-O
b5 9. Bb3 Bxc3 10. Bxc3 Ne6 11. Nh4 Nf4 12. Nf5 Kf8 13. Bb4+ Ke8 14. Nxg7# 1-0

[Event "Challenge"]
[Site "http://www.queenalice.com/game.php?id=1046003"]
[Date "2012.4.5"]
[Round "-"]
[White "cyrano"]
[Black "JackieR"]
[Result "0-1"]
[WhiteElo "1677"]
[BlackElo "1754"]

1. e4 e5 2. d4 Nf6 3. f3 Bb4+ 4. c3 Ba5 5. b4 Bb6 6. a4 a6 7. a5 Ba7 8. Bg5 Qe7
9. Qd3 d6 10. Ne2 Bd7 11. c4 exd4 12. Nxd4 Qe5 13. Bh4 Qxd4 14. Qxd4 Bxd4 15.
Ra2 Be6 16. Rd2 Nc6 17. Na3 Bc3 18. Kd1 Bxd2 19. Kxd2 Nxb4 20. Kc3 Nc6 21. Bd3
Nh5 22. Rb1 Rb8 23. Bc2 O-O 24. Rg1 Nf4 25. Re1 Nxg2 26. Rg1 Nxh4 27. f4 Bd7 28.
f5 Nxa5 29. f6 g6 30. Kb4 Nc6+ 31. Kc3 Rfe8 32. Rd1 Nf3 33. c5 Re6 34. Nc4 Be8
35. cxd6 cxd6 36. Nb6 Rxf6 37. Nd5 Re6 38. Bb3 Kg7 39. Nc7 Rxe4 40. Bd5 Re3+ 41.
Rd3 Rxd3+ 42. Kxd3 Nxh2 43. Bg2 Ne5+ 44. Kd4 Bc6 45. Bh3 Kf6 46. Bg2 Bxg2 47.
Nd5+ Bxd5 48. Kxd5 b5 49. Kxd6 b4 50. Kc7 Rb5 51. Kd6 b3 52. Kc7 b2 53. Kd8 Rc5
54. Ke8 Rd5 55. Kf8 Rd8# 0-1

[Event "Challenge"]
[Site "http://www.queenalice.com/game.php?id=1048998"]
[Date "2012.4.14"]
[Round "-"]
[White "zmanomega"]
[Black "JackieR"]
[Result "0-1"]
[WhiteElo "1614"]
[BlackElo "1767"]

1. d4 d5 2. Nc3 Nf6 3. f3 Bf5 4. g3 h6 5. h3 e6 6. g4 Bh7 7. e3 Nc6 8. Bb5 Qd6
9. f4 Ne4 10. Nxe4 Bxe4 11. Nf3 Qb4+ 12. c3 Qxb5 13. Rg1 O-O-O 14. a4 Qc4 15.
Nd2 Qd3 16. c4 Qxc4 17. Nxc4 dxc4 18. a5 Nb4 19. Kf1 Be7 20. Bd2 Nd3 21. a6 b6
22. Qa4 Bd5 23. e4 Bxe4 24. Qxc4 Nxb2 25. Qb3 Nd3 26. Rg3 Rxd4 27. Ra4 Nc5 28.
Qb2 Rxa4 29. Bb4 Nd3 30. Qxg7 Re8 31. Bxe7 Rxe7 32. Rxd3 Bxd3+ 33. Kf2 Bxa6 34.
Qxh6 Ra3 35. Qh8+ Kb7 36. Qb2 Rd3 37. Qe5 Red7 38. Qe4+ R7d5 39. h4 Bb5 40. h5
Bc6 41. Qe1 Rd2+ 42. Kg3 R2d3+ 43. Kh4 Rf3 44. Qc1 Rd4 45. h6 Be4 46. Qa1 Rd5
47. Qh1 Rxf4 48. Qf1 Rxf1 0-1

[Event "Challenge"]
[Site "http://www.queenalice.com/game.php?id=1050882"]
[Date "2012.4.20"]
[Round "-"]
[White "JackieR"]
[Black "Sonia"]
[Result "1-0"]
[WhiteElo "1782"]
[BlackElo "1636"]

1. e4 e5 2. Nc3 Nc6 3. Bc4 a6 4. d3 Nf6 5. h3 b5 6. Bd5 Bb7 7. Nf3 Nxd5 8. Nxd5
h6 9. Bd2 a5 10. Bc3 Bd6 11. Qe2 b4 12. Bd2 Nd4 13. Nxd4 exd4 14. Qg4 Be5 15.
Qf5 d6 16. Bf4 Bxd5 17. exd5 Bxf4 18. Qxf4 Qe7+ 19. Qe4 Qxe4+ 20. dxe4 O-O 21.
Rd1 a4 22. Rxd4 b3 23. cxb3 axb3 24. a3 Rab8 25. O-O f5 26. exf5 Rxf5 27. g4 Re5
28. Rd3 Re2 29. Rb1 g5 30. Kf1 Re7 31. Rc3 Rb7 32. Kg2 Re5 33. Rd3 Kg7 34. Kg3
Re2 35. Kf3 Rc2 36. Ke3 Rc4 37. f3 Rf4 38. h4 Rf8 39. hxg5 hxg5 40. Ke4 Kg6 41.
Rc1 Re8+ 42. Kd4 Rf8 43. Ke3 Re8+ 44. Kf2 Rh8 45. Kg3 Re8 46. Rcc3 Re5 47. Rd2
Re7 48. Rc6 Ra7 49. Rc1 Re5 50. Rc4 Rb7 51. Ra4 Rb5 52. Ra7 Re7 53. a4 Rb4 54.
a5 Rf4 55. Ra8 Kg7 56. Rd3 Rb4 57. a6 Re1 58. a7 Ra1 59. Rc3 Rb7 60. f4 gxf4+
61. Kxf4 Ra4+ 62. Kf5 Ra5 63. Ke6 Ra4 64. g5 Ra1 65. Re3 Rb4 66. Kd7 Rb7 67.
Re7+ Kg6 68. Rg8+ Kf5 69. a8=Q Rxa8 70. Rxa8 Kxg5 71. Kc6 Rb4 72. Kxc7 Kf6 73.
Re6+ Kf7 74. Rxd6 Re4 75. Rb8 Re3 76. Rc6 Re7+ 77. Kd6 Re3 78. Kd7 Re7+ 79. Kd8
Re8+ 80. Kc7 Re7+ 81. Kb6 Kg7 82. Rc7 Rf7 83. Rxf7+ Kxf7 84. Kc7 Kf6 85. d6 Ke6
86. d7 Kd5 87. Rxb3 Kc4 88. Rb6 Kc5 89. d8=Q Kc4 90. Rc6+ Kb3 91. Qb8+ Ka2 92.
Rc2 Kb1 93. Rh2 Kc1 94. Qa7 Kb1 95. b4 1-0

[Event "Challenge"]
[Site "http://www.queenalice.com/game.php?id=1057547"]
[Date "2012.5.8"]
[Round "-"]
[White "cyrano"]
[Black "JackieR"]
[Result "0-1"]
[WhiteElo "1661"]
[BlackElo "1777"]

1. e4 e5 2. d4 Nf6 3. dxe5 Nxe4 4. Qd4 Nc5 5. b4 Ne6 6. Qc3 Nc6 7. Ba3 Qg5 8.
Nf3 Qg6 9. Nh4 Qe4+ 10. Be2 Qxh4 11. g3 Qe4 12. f3 Qg6 13. Bd3 Qh5 14. Qd2 Qxe5+
15. Kf2 Qxa1 16. c3 Bd6 17. Bc4 b5 18. Bb2 Qxb2 19. Qxb2 bxc4 20. b5 Ne5 21. Qe2
Bb7 22. Nd2 Bd5 23. Rb1 O-O 24. f4 Nd3+ 25. Kg1 Rfe8 26. Qh5 Bc5+ 27. Kf1 c6 28.
f5 Nd8 29. Qg4 Rb8 30. f6 g6 31. h4 Re6 32. Qg5 Be3 33. Qg4 Bxd2 34. h5 Rxf6+
35. Ke2 Rf2+ 36. Kd1 Bf3+ 37. Qxf3 Rxf3 38. Kxd2 Rxg3 39. a4 gxh5 40. Rh1 cxb5
41. Rxh5 bxa4 42. Ra5 Rb2+ 43. Kd1 Rg1# 0-1

[Event "Challenge"]
[Site "http://www.queenalice.com/game.php?id=1065513"]
[Date "2012.5.29"]
[Round "-"]
[White "JackieR"]
[Black "plot24"]
[Result "0-1"]
[WhiteElo "1799"]
[BlackElo "1771"]

1. e4 e5 2. Nc3 Nc6 3. Nf3 a6 4. Bc4 Nf6 5. d3 d6 6. Ng5 d5 7. Nxd5 Na5 8. Qf3
Be6 9. Bd2 Nxc4 10. dxc4 Bd7 11. O-O-O Bd6 12. Rde1 O-O 13. Nh3 Bg4 14. Qg3 Bh5
15. Bg5 Bg6 16. Nxf6+ gxf6 17. Bh6 Re8 18. Ng1 Bf8 19. Qe3 Bxh6 20. Qxh6 Qd4 21.
Nf3 Qxc4 22. Rd1 Bxe4 23. c3 Qxa2 24. Rhe1 Qa1+ 25. Kd2 Rad8+ 26. Ke2 Bxf3+ 27.
gxf3 Qxb2+ 28. Ke3 Qxc3+ 29. Ke4 Qc2+ 30. Ke3 Rxd1 31. Rxd1 Qxd1 32. Qxf6 Qd4+
33. Ke2 Qf4 34. Qxf4 exf4+ 35. Kd3 f5 36. Kc4 Re2 37. Kd4 Rxf2 38. Ke5 a5 39.
Kxf4 Rxh2 40. Kxf5 a4 0-1

[Event "Challenge"]
[Site "http://www.queenalice.com/game.php?id=1065747"]
[Date "2012.5.29"]
[Round "-"]
[White "JackieR"]
[Black "Tlaloc2k"]
[Result "0-1"]
[WhiteElo "1803"]
[BlackElo "1579"]

1. e4 d5 2. f3 e5 3. exd5 Bc5 4. Qe2 Qxd5 5. Nc3 Qe6 6. Qb5+ Qc6 7. Qc4 Be6 8.
Qe2 Nd7 9. d3 Bd4 10. Bd2 Bxg1 11. Rxg1 Qb6 12. Rh1 Ngf6 13. O-O-O O-O 14. Qxe5
Nxe5 15. Re1 Ng6 16. Be3 c5 17. g3 Qc6 18. Bg2 Nd5 19. f4 b5 20. Rhg1 b4 21. Ne4
Qb5 22. Bf1 a5 23. Kd2 a4 24. Bxc5 Rfd8 25. d4 Qa5 26. Ke2 Bg4+ 27. Kf2 b3 28.
cxb3 axb3 29. a3 Bf5 30. Nd6 Qd2+ 31. Re2 Qa5 32. Nxf5 Qa6 33. Ne7+ Ngxe7 34.
Rxe7 Qf6 35. Re5 Qg6 36. Bg2 Qc2+ 37. Re2 Qc4 38. Rge1 Qd3 39. Bxd5 g6 40. Bxa8
Rxa8 41. Re7 Qd2+ 42. R1e2 Qd1 43. Rb7 Qc2 44. Bb4 Qf5 45. Bc3 Qh3 46. Kg1 Qg4
47. Rbe7 h5 48. d5 Ra7 49. d6 Rxe7 50. Rd2 Re1+ 51. Kf2 Re8 52. Rd3 Qe2+ 0-1

[Event "Challenge"]
[Site "http://www.queenalice.com/game.php?id=1066672"]
[Date "2012.6.1"]
[Round "-"]
[White "cyrano"]
[Black "JackieR"]
[Result "0-1"]
[WhiteElo "1662"]
[BlackElo "1788"]

1. e4 e5 2. d4 f6 3. d5 Bc5 4. Be3 Bxe3 5. fxe3 d6 6. c4 Na6 7. a3 Nc5 8. Nc3
Nh6 9. b4 Na6 10. Nb5 Bd7 11. Qh5+ Nf7 12. Be2 Qe7 13. Nc3 O-O-O 14. b5 Nc5 15.
Rb1 g6 16. Qf3 f5 17. exf5 gxf5 18. h3 e4 19. Qh5 Qf6 20. Na2 Ne5 21. g4 h6 22.
Rh2 Be8 23. g5 Qg7 24. Qh4 hxg5 25. Qf2 Bd7 26. Rg2 Na4 27. Rg3 Nb6 28. Qg2 Nf7
29. Bd1 Nxc4 30. Bb3 Bxb5 31. a4 Ba6 32. Rc1 Nce5 33. Nb4 Bd3 34. Bc2 Rh4 35.
Nxd3 exd3 36. Bb3 Re8 37. Nf3 Nxf3+ 38. Qxf3 f4 39. Rg4 Rxe3+ 40. Kf2 Rxf3+ 41.
Kxf3 Rxh3+ 42. Kg2 Qh7 43. Rg1 Re3 44. Kf2 d2 45. Kg2 Qe4+ 46. Kf2 Qf3# 0-1

[Event "Challenge"]
[Site "http://www.queenalice.com/game.php?id=1074853"]
[Date "2012.6.22"]
[Round "-"]
[White "cyrano"]
[Black "JackieR"]
[Result "0-1"]
[WhiteElo "1661"]
[BlackElo "1792"]

1. e4 e5 2. d4 Nf6 3. dxe5 Nxe4 4. Qd4 Nc5 5. Qf4 Ne6 6. Qf3 Nc6 7. Qf5 Bc5 8.
Nh3 d6 9. f4 dxe5 10. Bc4 Ncd4 11. Qh5 Nxc2+ 12. Kf1 Nxa1 13. Ng5 Qe7 14. Bxe6
Bxe6 15. Nd2 exf4 16. Nde4 g6 17. Qh6 Bd4 18. Ke2 Nc2 19. Rd1 Qd7 20. Nc5 Qb5+
21. Nd3 Be5 22. Nf3 Bd6 23. Qg7 O-O-O 24. Qc3 Ne3 25. Bxe3 fxe3 26. Kxe3 Qb6+
27. Kd2 Bb4 28. Ke2 Bxc3 29. bxc3 Rde8 30. Nfe5 Bf5 31. Kd2 Bxd3 32. Nxd3 Qe6
33. Nb2 Qe2+ 34. Kc1 Qxg2 35. a4 Re2 36. Nd3 Rd8 37. Nf4 Rc2+ 38. Kb1 Rxd1# 0-1

[Event "Challenge"]
[Site "http://www.queenalice.com/game.php?id=1082198"]
[Date "2012.7.13"]
[Round "-"]
[White "cyrano"]
[Black "JackieR"]
[Result "0-1"]
[WhiteElo "1618"]
[BlackElo "1778"]

1. e4 e5 2. c4 Bc5 3. Qg4 Qf6 4. Nf3 Ne7 5. d3 d6 6. Qg5 Nbc6 7. Nc3 Bd7 8. Nb5
O-O-O 9. Qh4 Rde8 10. Bg5 Qe6 11. Qg3 h6 12. Be3 Bxe3 13. fxe3 g5 14. h3 Rhg8
15. h4 g4 16. Nd2 h5 17. a4 a6 18. Nc3 f5 19. Ra3 fxe4 20. Ncxe4 Nb4 21. Rb3
Nec6 22. Qf2 Qh6 23. g3 Be6 24. Ng5 Bd7 25. Nde4 Ref8 26. Qg2 Bf5 27. Nc3 Nxd3+
28. Bxd3 Bxd3 29. Nd5 Bxc4 30. Ne7+ Nxe7 31. Qxb7+ Kd7 32. Rb4 Rb8 33. Qxb8 Rxb8
34. Rxb8 Qg6 35. e4 Bd3 36. Rh2 Bxe4 37. Re2 Bc6 38. Rf2 Bf3 39. Nxf3 gxf3 40.
Rxf3 Qe4+ 41. Kf2 Nf5 42. Rf8 Qc2+ 43. Kg1 Nd4 44. R3f7+ Ke6 45. Rf6+ Kd5 46.
Rf2 Qxa4 47. R8f7 Qd1+ 48. Rf1 Qg4 49. Kg2 Qe2+ 50. R7f2 Qe4+ 51. Kh3 Qd3 52.
Rf7 Ne2 53. R7f3 Qd4 54. Kg2 Qxb2 55. Rd3+ Kc4 56. Rff3 Nf4+ 57. Kg1 Nxd3 58.
Rf7 c5 59. Ra7 Qf2+ 60. Kh1 Qxg3 61. Rxa6 Nf2# 0-1

[Event "Challenge"]
[Site "http://www.queenalice.com/game.php?id=1083527"]
[Date "2012.7.17"]
[Round "-"]
[White "Sonia"]
[Black "JackieR"]
[Result "0-1"]
[WhiteElo "1623"]
[BlackElo "1796"]

1. e4 e5 2. Nf3 Nc6 3. Bc4 h6 4. a3 Bc5 5. O-O d6 6. h3 Qf6 7. Nh2 Qg6 8. Qf3
Nf6 9. c3 Bd7 10. d3 O-O-O 11. b4 Bb6 12. a4 a6 13. a5 Ba7 14. Ra2 Rdf8 15. Be3
Bb8 16. Nd2 Nh5 17. Ng4 Bxg4 18. hxg4 Nf6 19. Qf5+ Qxf5 20. exf5 g6 21. fxg6
fxg6 22. Be6+ Kd8 23. Nb1 Ke7 24. Bb3 Nxg4 25. Bc1 Ba7 26. Bd1 h5 27. Bg5+ Kd7
28. Bxg4+ hxg4 29. g3 Rf3 30. Kg2 Rxd3 31. Re2 Rf3 32. Rc2 e4 33. Re2 Re8 34.
Nd2 Rff8 35. Be3 Bxe3 36. Rxe3 d5 37. Nb3 Kc8 38. Nd4 Nxd4 39. cxd4 Re6 40. Kg1
Rc6 41. Rb3 Rc2 42. b5 axb5 43. Rxb5 c6 44. Rb3 Ra2 45. Re3 Rxa5 46. Rd1 Ra2 47.
Rf1 Rd2 48. Ra3 Kc7 49. Ra4 Rf3 50. Raa1 Rxd4 51. Ra2 e3 52. fxe3 Rxe3 53. Rf7+
Kb6 54. Rb2+ Kc5 55. Kg2 Rdd3 56. Rc2+ Kd4 57. Rf4+ Re4 58. Ra2 Ke3 59. Rff2 Rb4
60. Rae2+ Kd4 61. Rf4+ Kc3 62. Rff2 Rb3 63. Rc2+ Kd4 64. Rf4+ Ke3 65. Rxg4 Rd2+
66. Rxd2 Kxd2 67. Rxg6 d4 68. Rf6 d3 69. Rf2+ Kc3 70. Rf5 d2 71. Rf3+ Kc2 72.
Rf2 Kc1 73. Kh3 d1=Q 74. Ra2 Qf3 75. Ra1+ Kb2 76. Rg1 c5 77. Rg2+ Qxg2+ 78. Kxg2
c4 79. g4 c3 80. g5 c2 81. g6 c1=Q 82. Kf2 Qg5 83. Ke2 Qxg6 84. Kf2 Ka3 85. Kf1
Rb2 0-1

[Event "Challenge"]
[Site "http://www.queenalice.com/game.php?id=1091861"]
[Date "2012.8.10"]
[Round "-"]
[White "cyrano"]
[Black "JackieR"]
[Result "0-1"]
[WhiteElo "1596"]
[BlackElo "1788"]

1. e4 e5 2. f4 exf4 3. d4 Qh4+ 4. Kd2 Nf6 5. Nf3 Qh5 6. Ke1 Nxe4 7. Bxf4 d6 8.
h3 Be7 9. g4 Bxg4 10. Bg2 Bf5 11. c4 Bh4+ 12. Kf1 Nd7 13. Qe2 O-O-O 14. Nxh4
Qxh4 15. Bxe4 Qxf4+ 16. Qf2 Qxe4 17. Nd2 Qxh1+ 18. Qg1 Qxg1+ 19. Kxg1 Rhe8 20.
Nf3 Re3 21. Rf1 Nb6 22. b3 Bxh3 23. Rf2 f6 24. Kh2 Bf5 25. Ng1 d5 26. Rxf5 dxc4
27. bxc4 Rxd4 28. c5 Nd5 29. Kg2 Nf4+ 30. Kf2 Rc3 31. Nf3 Rb4 32. Kg3 Ne2+ 33.
Kf2 Rc2 34. Rd5 Nc3+ 35. Nd2 Ne4+ 36. Ke3 Nxd2 37. Rxd2 Rxd2 38. Kxd2 Rb2+ 39.
Kc3 Rxa2 40. Kb3 Re2 41. Kc3 h5 42. Kd3 Re5 43. Kd4 h4 44. Kc4 h3 45. Kd4 h2 46.
c6 bxc6 47. Kc4 h1=Q 48. Kd4 Qe1 49. Kc4 Rd5 50. Kb3 Qc1 51. Kb4 Rb5+ 52. Ka4
Qa1# 0-1

[Event "Challenge I"]
[Site "http://www.queenalice.com/game.php?id=1099790"]
[Date "2012.9.5"]
[Round "-"]
[White "JackieR"]
[Black "bonfim"]
[Result "1-0"]
[WhiteElo "1801"]
[BlackElo "1669"]

1. e4 e5 2. Nc3 Nf6 3. Bc4 Bc5 4. h3 d6 5. d3 Nc6 6. Nf3 Qe7 7. Bg5 h6 8. Bd2
Be6 9. Nd5 Bxd5 10. Bxd5 Nxd5 11. exd5 Nd4 12. c3 Nxf3+ 13. Qxf3 O-O 14. O-O-O
b5 15. Qg3 g5 16. h4 f6 17. hxg5 Qg7 18. Rxh6 Kf7 19. g6+ Ke7 20. Rh7 Rf7 21.
Rxg7 Rxg7 22. Rh1 Rag8 23. Rh6 Kd7 24. f3 c6 25. dxc6+ Kxc6 26. c4 bxc4 27. dxc4
Bd4 28. Qg4 Re8 29. Ba5 Be3+ 30. Kd1 Bxh6 31. b4 Reg8 32. Qe4+ Kd7 33. g4 Rxg6
34. Qb7+ Ke6 35. Qxa7 R6g7 36. Qb6 Rd7 37. Qc6 Ke7 38. Qe4 Rg7 39. Kc2 Ra7 40.
Kb3 Ke6 41. Bd8 Kf7 42. Qf5 Rg6 43. Qe4 Rg7 44. Qd5+ Kg6 45. Qxd6 Bg5 46. Qe6
Raf7 47. a4 Rg8 48. Bb6 Rh8 49. c5 Rh3 50. Qf5+ Kg7 51. c6 Re7 52. c7 e4 53.
c8=Q Rxf3+ 54. Kc2 Rxf5 55. Qxf5 e3 56. Qf1 Bh4 57. Qe2 Bf2 58. a5 Rd7 59. Bxe3
Bg3 60. Qc4 Re7 61. Qc3 Rc7 62. Bc5 Bd6 63. Kb3 Bxc5 64. bxc5 Rb7+ 65. Kc4 Kg6
66. Qd4 Kg5 67. Qd5+ Kxg4 68. Qxb7 f5 69. a6 f4 70. a7 f3 71. a8=Q f2 72. Qf7
Kg3 73. Qag8+ Kh2 74. Qfh7# 1-0

[Event "Challenge"]
[Site "http://www.queenalice.com/game.php?id=1101139"]
[Date "2012.9.9"]
[Round "-"]
[White "cyrano"]
[Black "JackieR"]
[Result "0-1"]
[WhiteElo "1702"]
[BlackElo "1812"]

1. e4 e5 2. d4 f6 3. dxe5 fxe5 4. Qh5+ Ke7 5. Qxe5+ Kf7 6. Bc4+ d5 7. Bxd5+ Kg6
8. Qg3+ Kh5 9. Qe5+ Kg6 10. Nf3 h6 11. g3 Nf6 12. Nh4+ Kh7 13. Nc3 c6 14. Bf7
Ng4 15. Bg6+ Kg8 16. Qf4 Qf6 17. Qxf6 Nxf6 18. O-O Bh3 19. Rd1 Nbd7 20. Re1 Ne5
21. Bf4 Nxg6 22. Nxg6 Rh7 23. e5 Ng4 24. e6 Bc5 25. Ne4 Bb6 26. e7 Re8 27. Rad1
Kf7 28. Rd6 Bc7 29. Red1 Rxe7 30. f3 Bxd6 31. Rxd6 Nf6 32. Ne5+ Ke8 33. Ng6 Rf7
34. g4 Nd5 35. Re6+ Kd7 36. Rd6+ Ke8 37. Be5 Rxf3 38. Nf2 Kf7 39. Nh4 Re3 40.
Nxh3 Rxh3 41. Ng2 g5 42. Rd7+ Ne7 43. Kf2 Rxh2 44. Bxh2 h5 45. Bd6 Ke6 46. Rd8
h4 47. Ne3 h3 48. Kg1 a6 49. Nf5 Nxf5 50. gxf5+ Kxf5 51. c4 Rh4 52. b3 Rd4 53.
Rf8+ Kg4 54. Bc7 Rd3 55. Rg8 Rd2 56. Bd8 Rg2+ 57. Kh1 Kf4 58. Bc7+ Kf5 59. Rh8
g4 60. Rg8 Rxa2 61. Rf8+ Ke4 62. Rf4+ Kd3 63. Rxg4 Rg2 64. Rh4 Rb2 65. Rxh3+ Kd4
66. Bb6+ Ke4 67. Re3+ Kf4 68. Rc3 Kg4 69. Bd8 Kf4 70. Bf6 Ke4 71. Rh3 Rf2 72.
Be7 Rf3 73. Rh4+ Kd3 74. Kg2 Ke2 75. b4 Rb3 76. Rh8 Rc3 77. c5 Rd3 78. Rb8 Rd7
79. Bf8 Kd3 80. Re8 Kc4 81. Re4+ Kb5 82. Kf3 Rd3+ 83. Kf4 Rb3 84. Kf5 Rxb4 85.
Rxb4+ Kxb4 86. Ke6 a5 87. Kd7 a4 88. Kc7 a3 89. Kxb7 a2 90. Bg7 Kb5 91. Bd4 Kc4
92. Bg7 Kxc5 93. Kc7 Kb5 94. Kb7 c5 95. Kc7 c4 96. Kd6 Kb4 97. Kd5 c3 98. Kd4 c2
99. Kd3 c1=Q 100. Ke4 Qd1 101. Kf5 Qe2 102. Kg5 Qf3 103. Be5 Kc5 104. Ba1 Kd5
105. Kg6 Qf4 106. Kg7 Qf5 107. Kg8 Ke6 108. Kh8 Qg5 109. Bg7 Kf7 110. Kh7 Qxg7#
0-1

[Event "Challenge"]
[Site "http://www.queenalice.com/game.php?id=1104843"]
[Date "2012.9.20"]
[Round "-"]
[White "josebaron"]
[Black "JackieR"]
[Result "0-1"]
[WhiteElo "1933"]
[BlackElo "1805"]

1. e4 e5 2. Nf3 Nc6 3. Bc4 h6 4. d3 Bc5 5. c3 d6 6. h3 Bd7 7. O-O Qe7 8. b4 Bb6
9. a4 a6 10. b5 axb5 11. Bxb5 Qf6 12. Nh2 h5 13. Nd2 Qg6 14. Nc4 Bxh3 15. Qf3
Bg4 16. Nxg4 hxg4 17. Qg3 Qh5 0-1

[Event "Challenge"]
[Site "http://www.queenalice.com/game.php?id=1107601"]
[Date "2012.9.29"]
[Round "-"]
[White "TonyCM"]
[Black "JackieR"]
[Result "0-1"]
[WhiteElo "1727"]
[BlackElo "1826"]

1. e4 e5 2. Nf3 Nc6 3. Bc4 h6 4. O-O Bc5 5. b3 d6 6. Bb2 Bg4 7. Be2 Nf6 8. Nc3
Qd7 9. Nh4 h5 10. Bxg4 hxg4 11. Nf5 Rh7 12. Nd5 Nxd5 13. exd5 Qxf5 14. dxc6 bxc6
15. c3 g3 16. h3 Rxh3 0-1

[Event "Challenge"]
[Site "http://www.queenalice.com/game.php?id=1109578"]
[Date "2012.10.5"]
[Round "-"]
[White "mascarade"]
[Black "JackieR"]
[Result "1-0"]
[WhiteElo "1817"]
[BlackElo "1838"]

1. c4 e5 2. d4 d6 3. d5 Bf5 4. Nc3 Nf6 5. Bg5 Nbd7 6. e4 Bg6 7. Bd3 h6 8. Bh4
Qe7 9. Nb5 Nc5 10. Bxf6 gxf6 11. Qf3 Bg7 12. Bc2 O-O 13. b4 Na6 14. a3 Qd7 15.
Ba4 c6 16. dxc6 Qxc6 17. Nc3 Qxc4 18. Nge2 Kh7 19. Bb5 Qc8 20. Rc1 Qd8 21. Nd5
Rc8 22. O-O Rxc1 23. Rxc1 h5 24. Ng3 Bh6 25. Nxf6+ Kg7 26. Nfxh5+ Bxh5 27. Nxh5+
Kh7 28. Qf5+ Kh8 29. Rc3 Qe7 30. Rg3 Nc7 31. Nf6 Qxf6 32. Qxf6+ Kh7 33. Rh3 1-0

[Event "Challenge"]
[Site "http://www.queenalice.com/game.php?id=1112870"]
[Date "2012.10.16"]
[Round "-"]
[White "JackieR"]
[Black "TonyCM"]
[Result "0-1"]
[WhiteElo "1821"]
[BlackElo "1719"]

1. e4 e5 2. Bc4 d6 3. d3 h6 4. Nc3 Nf6 5. Bd2 Bg4 6. Nf3 Nc6 7. h3 Bh5 8. g4
Nxg4 9. hxg4 Bxg4 10. Be3 Qf6 11. Nd5 Qxf3 12. Qxf3 Bxf3 13. Nxc7+ Kd7 14. Nxa8
Bxh1 15. Bxf7 Be7 16. Kd2 Bf3 17. Nb6+ axb6 18. Bxb6 g5 19. Rg1 h5 20. Rh1 h4
21. Rh2 g4 22. a3 Bg5+ 23. Kc3 Bf4 24. Rxh4 Rxh4 25. Bc4 Rh2 26. b4 Nd4 27. Bxd4
exd4+ 0-1

[Event "Challenge"]
[Site "http://www.queenalice.com/game.php?id=1114178"]
[Date "2012.10.19"]
[Round "-"]
[White "zmanomega"]
[Black "JackieR"]
[Result "0-1"]
[WhiteElo "1512"]
[BlackElo "1824"]

1. d4 d5 2. c4 Nf6 3. e3 Bf5 4. c5 e6 5. f3 Be7 6. Bb5+ c6 7. Bd3 Bxd3 8. Qxd3
O-O 9. Nh3 Qc7 10. g4 b6 11. g5 Nh5 12. f4 bxc5 13. a3 c4 14. Qe2 g6 15. Nc3 c5
16. a4 a6 17. Qf3 cxd4 18. exd4 Nc6 19. Be3 Rab8 20. Bc1 Nxd4 21. Qg2 Nb3 22.
Rb1 Qd6 23. O-O Nxc1 24. Rfxc1 Nxf4 25. Qg4 Nd3 26. Rd1 Nxb2 27. Rd2 Nd3 28. Nf2
Nxf2 29. Kxf2 Qa3 30. Qg3 Rb6 31. Rxb6 Bb4 32. Rc2 Bc5+ 33. Kg2 Bxb6 34. Ra2 Qc5
35. h4 Qg1+ 36. Kh3 Qxg3+ 37. Kxg3 f5 38. gxf6 Rxf6 39. Kg4 Kg7 40. Rb2 Ba5 41.
Ne2 Bc7 42. Rb7 Rf7 43. Kh3 Kh6 44. Ng3 c3 45. Ne2 c2 46. Kg4 Kg7 47. Ra7 Bf4
48. Rxa6 Rf6 49. Rc6 c1=Q 50. Nxc1 Bxc1 51. Rxc1 Rf7 52. Ra1 Ra7 53. Ra3 Kf6 54.
Kf4 e5+ 55. Ke3 Kf5 56. Ra1 d4+ 57. Kd3 Kg4 58. Ke4 Kxh4 59. Kf3 h5 60. Ke4 Ra5
61. Kf3 Kg5 62. Ra2 Kf5 63. Ke2 e4 64. Kd2 e3+ 65. Kd3 Ke5 66. Rg2 Rxa4 67. Rxg6
Kf4 68. Rf6+ Kg5 69. Rf1 h4 70. Rg1+ Kh5 71. Ke2 h3 72. Kf3 Kh4 73. Rg4+ Kh5 74.
Rg3 Ra3 75. Rxh3+ Kg5 76. Ke4 e2 77. Rh1 d3 78. Rg1+ Kf6 79. Ke3 Kf5 80. Kd2 Ke4
81. Rg4+ Kf3 82. Rg8 Ra4 83. Rf8+ Rf4 84. Re8 Kf2 85. Re7 Rf3 86. Re6 Kf1 87.
Re5 Rf2 0-1

[Event "Challenge"]
[Site "http://www.queenalice.com/game.php?id=1134832"]
[Date "2012.12.28"]
[Round "-"]
[White "JackieR"]
[Black "duberry"]
[Result "0-1"]
[WhiteElo "1828"]
[BlackElo "1862"]

1. e4 e5 2. Nc3 Nc6 3. Bc4 Nf6 4. Nf3 h6 5. d3 Bc5 6. h3 d6 7. Bd2 Bd7 8. Nh4
Nxe4 9. Nxe4 Qxh4 10. g3 Qe7 11. Qf3 Nd4 12. Qd1 Bc6 13. Rg1 d5 14. Nxc5 dxc4
15. Bb4 Nf3+ 16. Ke2 Nxg1+ 17. Qxg1 Qf6 18. dxc4 Qf3+ 19. Kf1 O-O-O 20. Nd3 Rxd3
21. cxd3 Qxd3+ 22. Ke1 Bf3 23. Qf1 Qe4+ 24. Kd2 Rd8+ 25. Kc3 Be2 26. Qb1 Qxc4#
0-1

[Event "Challenge"]
[Site "http://www.queenalice.com/game.php?id=1136985"]
[Date "2013.1.4"]
[Round "-"]
[White "JackieR"]
[Black "tritabugnol"]
[Result "0-1"]
[WhiteElo "1828"]
[BlackElo "1806"]

1. e4 e5 2. Nc3 Nf6 3. Bc4 Bc5 4. d3 O-O 5. Bg5 c6 6. Qe2 d6 7. O-O-O Be6 8. Nf3
Bxc4 9. dxc4 Nbd7 10. h4 Qa5 11. Bd2 Bb4 12. g4 Bxc3 13. Bxc3 Qxa2 14. g5 Nh5
15. Rhg1 Nf4 16. Qf1 Nc5 17. Nd2 Qa1+ 18. Nb1 Nxe4 19. f3 Nxc3 20. bxc3 Rad8 21.
Kd2 d5 22. cxd5 Rxd5+ 23. Ke3 Rxd1 24. Qxd1 Qb2 25. Ke4 Qb5 26. Rh1 Qc4+ 27.
Kxe5 Ng2 28. Qd7 Qf4# 0-1